| Tag |
First Indicator |
Second Indicator |
Subfields |
| LEADER |
00000cam a22000008 4500 |
| 001 |
in00000476751 |
| 005 |
20151012172932.0 |
| 008 |
740710s1974 nyu b 00110 eng |
| 010 |
|
|
|a 74013391
|
| 020 |
|
|
|a 080372747X
|
| 035 |
|
|
|a (OCoLC)01066798
|
| 035 |
|
|
|9 ACA2135AM
|
| 040 |
|
|
|a DLC
|c DLC
|d TXA
|d UtOrBLW
|
| 043 |
|
|
|a n-us---
|
| 049 |
|
|
|a TXAM
|c [1391709]
|
| 050 |
0 |
0 |
|a HQ1426
|b .B43
|
| 082 |
0 |
|
|a 301.41/2/0973
|
| 100 |
1 |
|
|a Bernard, Jessie,
|d 1903-1996.
|
| 245 |
1 |
4 |
|a The future of motherhood /
|c [by] Jessie Bernard.
|
| 264 |
|
1 |
|a New York :
|b Dial Press,
|c 1974.
|
| 300 |
|
|
|a xiii, 426 pages ;
|c 24 cm.
|
| 336 |
|
|
|a text
|b txt
|2 rdacontent
|
| 337 |
|
|
|a unmediated
|b n
|2 rdamedia
|
| 338 |
|
|
|a volume
|b nc
|2 rdacarrier
|
| 504 |
|
|
|a Includes bibliographical references.
|
| 650 |
|
0 |
|a Women
|z United States.
|
| 650 |
|
0 |
|a Women
|x History.
|
| 650 |
|
0 |
|a Mothers.
|
| 650 |
|
0 |
|a Mother and child.
|
| 999 |
|
|
|a MARS
|
| 999 |
f |
f |
|s ab82e830-fa3b-33db-a201-b4231c56bd54
|i 40833f55-96f6-33d8-8e55-ad7488e738e1
|t 0
|
| 952 |
f |
f |
|p ric
|a Texas A&M University
|b Rellis Campus
|c Joint Library Facility
|d Remote Storage
|t 0
|e HQ1426 .B43
|h Library of Congress classification
|i unmediated -- volume
|m A14802981762
|
| 998 |
f |
f |
|a HQ1426 .B43
|t 0
|l Remote Storage
|